| 000 | 00350nam a2200145Ia 4500 | ||
|---|---|---|---|
| 008 | 230312s9999||||xx |||||||||||||| ||und|| | ||
| 020 | _a0-619-15911-1 | ||
| 082 |
_a005.758 _bADO-O |
||
| 100 | _aWright;David | ||
| 245 | 0 | _aVoice Over Packet Networks | |
| 260 |
_bThomson _aUSA _c2003 |
||
| 300 | _a772 | ||
| 650 |
_aComputer _vComputer |
||
| 942 | _cBK | ||
| 999 |
_c15414 _d15414 |
||